[Event "Tourn. n9245"]
[Site "www.chess-mail.com"]
[Date "2017.05.05"]
[Round "1"]
[White "Attatroll"]
[Black "Falcoale"]
[WhiteElo "1950"]
[BlackElo "1970"]
[Result "1-0"]
[Round "1"]
1.e4 c5
2.b3 Nb8c6
3.Bc1b2 e6
4.Ng1f3 Ng8f6
5.Bf1e2 a6
6.O-O Nf6xe4
7.d3 Ne4f6
8.Nb1d2 Bf8e7
9.Nd2c4 d5
10.Nc4e5 O-O
11.h3 d4
12.Ne5xc6 bxc6
13.Nf3e5 Bc8b7
14.Be2f3 Ra8c8
15.Rf1e1 Nf6d7
16.Ne5c4 Nd7f6
17.Qd1d2 Nf6d5
18.a4 Be7g5
19.Qd2e2 Rf8e8
20.Ra1d1 Nd5f4
21.Qe2e5 Nf4d5
22.Bf3xd5 cxd5
23.Nc4d2 Bg5f6
24.Qe5g3 Rc8c7
25.Nd2f3 Rc7e7
26.Bb2a3 Re7c7
27.Nf3e5 Bf6xe5
28.Qg3xe5 Qd8c8
29.f4 Rc7c6
30.f5 Qc8d8
31.g4 f6
32.Qe5f4 e5
33.Qf4g3 e4
34.dxe4 dxe4
35.Qg3f4 e3
36.Re1xe3 Re8xe3
37.Qf4xe3 h6
38.Qe3g3 Rc6c7
39.c3 Qd8d5
40.Kf2 Rc7e7
41.cxd4 Qd5e4
42.Rd1f1 Qe4e2
43.Kg1 Bb7h1
44.Ba3xc5 Re7e3
45.Qg3f2 Bh1f3
46.Qf2xe2 Bf3xe2
47.Rf1e1 Kf7
48.Kf2 Re3xb3
49.Re1xe2 Rb3xh3
50.Re2e7 Kg8
51.Re7a7 { resign }
1-0

[Event "Tourn. n9301"]
[Site "www.chess-mail.com"]
[Date "2017.05.05"]
[Round "1"]
[White "Orhany24"]
[Black "Roohbakhsh"]
[WhiteElo "2170"]
[BlackElo "2230"]
[Result "1-0"]
[Round "1"]
1.e4 c5
2.Ng1f3 d6
3.d4 cxd4
4.Nf3xd4 Ng8f6
5.Bf1d3 Nb8c6
6.Nd4xc6 bxc6
7.c4 g6
8.Nb1c3 Bf8g7
9.O-O O-O
10.h3 Bc8e6
11.Bc1e3 Qd8c7
12.Ra1c1 Ra8b8
13.b3 Nf6d7
14.f4 Nd7b6
15.Bd3b1 Rf8d8
16.Qd1f3 a5
17.f5 gxf5
18.exf5 Be6d7
19.Qf3h5 f6
20.Be3h6 Rd8f8
21.Rf1f3 Bg7xh6
22.Qh5xh6 Rf8f7
23.Rf3g3 Kh8
24.Rg3g4 Rb8g8
25.Rg4xg8 Kxg8
26.Rc1f1 Qc7d8
27.Rf1f4 Qd8f8
28.Rf4g4 Rf7g7
29.Nc3e2 Rg7xg4
30.Qh6xf8 Kxf8
31.hxg4 d5
32.cxd5 cxd5
33.Ne2d4 a4
34.Bb1d3 axb3
35.axb3 Kf7
36.Kf2 Kg7
37.Kf3 Kh6
38.g3 Kg5
39.Bd3e2 Nb6c8
40.Ke3 Nc8d6
41.Nd4f3 Kh6
42.Kf4 Nd6e4
43.Nf3d4 Ne4d6
44.b4 Nd6c4
45.b5 Nc4b6
46.Be2d3 Kg7
47.g5 fxg5
48.Kxg5 h6
49.Kf4 Kf6
50.g4 e6
51.fxe6 Bd7xe6
52.Bd3f5 Be6d7
53.Bf5xd7 Nb6xd7
54.Nd4f5 Nd7e5
55.b6 Ke6
56.b7 Ne5c6
57.Nf5d4 { resign }
1-0

[Event "Tourn. n9275"]
[Site "www.chess-mail.com"]
[Date "2017.05.05"]
[Round "1"]
[White "Orhany24"]
[Black "Norlavuaram"]
[WhiteElo "2190"]
[BlackElo "2090"]
[Result "1-0"]
[Round "1"]
1.e4 e5
2.Ng1f3 Nb8c6
3.Bf1c4 Bf8e7
4.c3 Ng8f6
5.O-O O-O
6.Rf1e1 d6
7.h3 h6
8.d4 Bc8d7
9.b4 a6
10.a3 Rf8e8
11.d5 Nc6b8
12.Bc4d3 Be7f8
13.c4 g6
14.Bc1e3 Bf8g7
15.Nb1c3 Re8f8
16.Qd1d2 Kh7
17.Nc3e2 Bd7e8
18.Ne2g3 Nb8d7
19.Nf3h2 Rf8g8
20.f4 exf4
21.Be3xf4 Nd7f8
22.Re1f1 b5
23.Ra1e1 bxc4
24.Bd3xc4 Be8b5
25.Bc4d3 Bb5xd3
26.Qd2xd3 a5
27.Nh2f3 axb4
28.axb4 Nf8d7
29.e5 dxe5
30.Nf3xe5 Nd7xe5
31.Bf4xe5 Rg8f8
32.Qd3d4 Nf6e8
33.Kh1 Bg7xe5
34.Qd4xe5 Qd8d6
35.Qe5c3 Ne8g7
36.Ng3e4 Qd6d8
37.Ne4f6 Kh8
38.Qc3d2 g5
39.Qd2d3 { resign }
1-0

[Event "Tourn. n9328"]
[Site "www.chess-mail.com"]
[Date "2017.05.05"]
[Round "1"]
[White "Attatroll"]
[Black "Lightning"]
[WhiteElo "2000"]
[BlackElo "2140"]
[Result "0-1"]
[Round "1"]
1.e4 c5
2.f4 e6
3.Ng1f3 Nb8c6
4.Bf1b5 Ng8e7
5.O-O a6
6.Bb5xc6 Ne7xc6
7.d3 d5
8.exd5 exd5
9.Rf1e1 Bf8e7
10.Nb1c3 O-O
11.Bc1d2 Bc8e6
12.a3 Qd8d7
13.Nc3a4 Ra8e8
14.Na4b6 Qd7d8
15.Nb6a4 Be7f6
16.Nf3e5 Qd8c7
17.Na4xc5 Qc7b6
18.Bd2e3 Bf6xe5
19.Nc5xe6 Be5d4
20.Ne6xf8 Bd4xe3
21.Kh1 Kxf8
22.Qd1f3 Nc6d4
23.Qf3xd5 Nd4xc2
24.Ra1c1 Nc2xe1
25.Rc1xe1 Be3xf4
26.Re1xe8 Kxe8
27.Qd5e4 Qb6e6
28.Qe4a4 b5
29.Qa4d1 Qe6e5
30.h3 Qe5xb2
31.Qd1e1 Qb2e5
{ resign }
0-1

[Event "Tourn. n9328"]
[Site "www.chess-mail.com"]
[Date "2017.05.05"]
[Round "1"]
[White "Lightning"]
[Black "Claudia"]
[WhiteElo "2140"]
[BlackElo "2200"]
[Result "1-0"]
[Round "1"]
1.d4 d5
2.c4 e6
3.Nb1c3 Bf8e7
4.cxd5 exd5
5.Bc1f4 c6
6.Qd1c2 Ng8f6
7.e3 O-O
8.Bf1d3 Nb8d7
9.Ng1e2 Rf8e8
10.O-O Nd7f8
11.f3 Nf8e6
12.Bf4e5 g6
13.Ra1e1  { time }
1-0

[Event "Tourn. n9357"]
[Site "www.chess-mail.com"]
[Date "2017.05.05"]
[Round "1"]
[White "Cjood"]
[Black "Bojan"]
[WhiteElo "1980"]
[BlackElo "1970"]
[Result "0-1"]
[Round "1"]
1.e3 Ng8f6
2.c4 d5
3.Nb1c3 d4
4.exd4 Qd8xd4
5.Ng1f3 Qd4d8
6.h3 c6
7.d4 e6
8.Qd1c2 Bc8d7
9.Bf1d3 c5
10.d5 Bf8d6
11.Bc1g5 Nb8a6
12.a3 Na6c7
13.Bg5xf6 Qd8xf6
14.Bd3xh7 g6
15.Nc3e4 Qf6e7
16.Ne4xd6 Qe7xd6
17.Bh7xg6 exd5
18.Bg6d3 Qd6e7
19.Bd3e2 dxc4
20.Qc2c3 O-O-O
21.Nf3e5 Nc7d5
22.Qc3g3 Rd8g8
23.Qg3h2 Bd7f5
24.Be2xc4 Rg8e8
25.O-O-O f6
26.Ne5f3 Nd5b6
27.Rh1e1 Qe7h7
28.Re1xe8 Rh8xe8
29.Bc4b3 c4
30.Bb3a2 Re8e2
31.Qh2d6 Re2c2
32.Kb1 Rc2d2
33.Ka1 Rd2xd6
34.Rd1xd6 Qh7e7
35.Rd6d4 Bf5e4
36.Nf3h4 f5
37.Nh4g6 Qe7f6
38.Rd4xe4 fxe4
39.Ba2b1 Qf6xg6
40.g4 Qg6g5
41.Bb1xe4 Nb6a4
{ resign }
0-1

[Event "Tourn. n9341"]
[Site "www.chess-mail.com"]
[Date "2017.05.05"]
[Round "1"]
[White "Balbyns"]
[Black "Cjood"]
[WhiteElo "1850"]
[BlackElo "1810"]
[Result "1-0"]
[Round "1"]
1.d4 e6
2.e4 d5
3.exd5 exd5
4.Ng1f3 c5
5.Nb1c3 c4
6.b3 Qd8a5
7.Bc1d2 Bf8b4
8.Nc3xd5 Bb4xd2
9.Qd1xd2 Qa5xd5
10.Bf1xc4 Qd5e4
11.Kf1 Ng8e7
12.Bc4xf7 Kf8
13.Ra1e1 Qe4c6
14.Qd2e2 Qc6f6
15.Bf7c4 Bc8g4
16.Bc4d5 Nb8c6
17.Bd5xc6 Ne7xc6
18.Qe2e4 Bg4xf3
19.gxf3 Nc6xd4
20.Qe4xb7 Ra8d8
21.Qb7xa7 Qf6xf3
22.Qa7e7 Kg8
23.Qe7xd8 Kf7
24.Qd8d7 Kg6
25.Rh1g1 Kh5
26.Re1e5 g5
27.Re5xg5 Kh4
28.Qd7xd4 Kh3
29.Rg1g3 { resign }
1-0

[Event "Tourn. n9353"]
[Site "www.chess-mail.com"]
[Date "2017.05.05"]
[Round "1"]
[White "Caspito"]
[Black "Redapond1"]
[WhiteElo "1870"]
[BlackElo "1850"]
[Result "0-1"]
[Round "1"]
1.e4 e5
2.Ng1f3 Nb8c6
3.Bf1c4 h6
4.c3 Ng8f6
5.d4 exd4
6.cxd4 Bf8b4
7.Nb1c3 Bb4xc3
8.bxc3 O-O
9.Nf3h4 Nf6xe4
10.Qd1g4 d5
11.Bc1xh6 Bc8xg4
{ resign }
0-1

[Event "Tourn. n9347"]
[Site "www.chess-mail.com"]
[Date "2017.05.05"]
[Round "1"]
[White "Autmich"]
[Black "Cjood"]
[WhiteElo "1860"]
[BlackElo "1940"]
[Result "1-0"]
[Round "1"]
1.e4 e5
2.Ng1f3 Nb8c6
3.Bf1c4 Ng8f6
4.d3 d5
5.exd5 Nf6xd5
6.O-O Bf8c5
7.Rf1e1 Bc8g4
8.h3 Bg4h5
9.Nf3xe5 Bc5xf2
10.Kxf2 Qd8f6
11.Ne5f3 Nd5e7
12.g4 Bh5g6
13.Nb1c3 Nc6d4
14.Nc3d5 Qf6xf3
15.Qd1xf3 Nd4xf3
16.Kxf3 Kd7
17.Re1xe7 Kc6
18.Re7xc7 Kd6
19.Bc1f4 Ke6
20.Nd5b6 Kf6
21.g5 { resign }
1-0

[Event "Tourn. n9266"]
[Site "www.chess-mail.com"]
[Date "2017.05.05"]
[Round "1"]
[White "Mrynmryn"]
[Black "Bojan"]
[WhiteElo "2090"]
[BlackElo "2000"]
[Result "1-0"]
[Round "1"]
1.Ng1f3 g6
2.d4 Bf8g7
3.Bc1f4 c6
4.e3 d6
5.h3 Ng8f6
6.c4 Qd8a5
7.Nb1d2 Nb8d7
8.a3 c5
9.Bf1e2 cxd4
10.Nf3xd4 e5
11.Nd4b3 Qa5c7
12.Bf4h2 Nd7b6
13.O-O Nb6d7
14.Ra1c1 b6
15.Be2f3 Ra8b8
16.Nd2b1 Nd7c5
17.Nb3xc5 bxc5
18.Rc1c2 Bc8f5
19.Rc2d2 Rb8d8
20.Nb1c3 a6
21.e4 Bf5e6
22.Nc3d5 Qc7b7
23.Nd5xf6 Bg7xf6
24.Rd2xd6 O-O
25.Rd6xd8 Rf8xd8
26.Qd1c2 Rd8d4
27.b3 Bf6e7
28.Rf1d1 Qb7d7
29.Rd1xd4 exd4
30.Kf1 d3
31.Qc2d2 Kg7
32.Bf3d1 f5
33.Qd2c3 Kg8
34.e5 g5
35.Ke1 Kg7
36.Kd2 Kg6
37.Qc3xd3 Qd7xd3
38.Kxd3 h5
39.f4 g4
40.h4 Be7d8
41.b4 cxb4
42.axb4 Kf7
43.g3 Be6d7
44.Bh2g1 Ke6
45.Bg1c5 Bd7c6
46.Bc5d6 Bd8b6
47.c5 Bb6d8
48.Bd1b3 Kd7
49.Kd4 a5
50.Kc4 Bc6b7
51.b5 Bb7f3
52.Bb3c2 Ke6
53.b6 Bf3c6
54.Kb3 a4
55.Kb4 { resign }
1-0

[Event "Tourn. n9266"]
[Site "www.chess-mail.com"]
[Date "2017.05.05"]
[Round "1"]
[White "Norlavuaram"]
[Black "Mrynmryn"]
[WhiteElo "2090"]
[BlackElo "2090"]
[Result "1-0"]
[Round "1"]
1.e4 e5
2.Ng1f3 Ng8f6
3.Nf3xe5 d6
4.Ne5f3 Nf6xe4
5.d4 d5
6.Bf1d3 Nb8c6
7.O-O b6
8.Rf1e1 Bc8b7
9.c4 Nc6b4
10.cxd5 Nb4xd3
11.Re1xe4 Bf8e7
12.Qd1xd3 Bb7xd5
13.Re4e3 O-O
14.Nb1c3 Bd5b7
15.Bc1d2 Rf8e8
16.Ra1e1 Bb7c6
17.Nf3e5 Bc6d7
18.Ne5xd7 Qd8xd7
19.d5 Be7d6
20.Re3xe8 Ra8xe8
21.Re1xe8 Qd7xe8
22.Qd3e4 Qe8xe4
23.Nc3xe4 Bd6e5
24.Bd2c3 Be5xc3
25.bxc3 h6
26.Kf1 Kf8
27.Ke2 Ke7
28.Kd3 { resign }
1-0

[Event "Tourn. n9340"]
[Site "www.chess-mail.com"]
[Date "2017.05.05"]
[Round "1"]
[White "Osopanda"]
[Black "Roque1"]
[WhiteElo "1930"]
[BlackElo "1870"]
[Result "0-1"]
[Round "1"]
1.d4 e6
2.e4 d5
3.e5 Nb8c6
4.c3 Bc8d7
5.Ng1f3 g6
6.Bf1b5 Bf8g7
7.O-O Ng8e7
 { time }
0-1

[Event "Tourn. n9351"]
[Site "www.chess-mail.com"]
[Date "2017.05.05"]
[Round "1"]
[White "Sorento"]
[Black "Cjood"]
[WhiteElo "2340"]
[BlackElo "2020"]
[Result "1-0"]
[Round "1"]
1.e4 b6
2.d4 Bc8b7
3.Nb1c3 e6
4.Ng1f3 d5
5.e5 g6
6.Bc1e3 Bf8g7
7.Qd1d2 Nb8c6
8.O-O-O Ng8e7
9.g4 h5
10.gxh5 gxh5
11.Bf1d3 Qd8d7
12.Rh1g1 Bg7f8
13.Be3g5 Ne7f5
14.Bd3xf5 exf5
15.Bg5f6 Rh8h7
16.Rg1g8 Nc6e7
17.Rg8xf8 Kxf8
18.Rd1g1 Ne7g6
19.Nf3g5 Rh7h6
20.e6 fxe6
21.Ng5xe6 Kf7
22.Qd2xh6 Kxe6
23.Rg1xg6 { resign }
1-0

[Event "Tourn. n9301"]
[Site "www.chess-mail.com"]
[Date "2017.05.05"]
[Round "1"]
[White "Roohbakhsh"]
[Black "Picifarkinca"]
[WhiteElo "2230"]
[BlackElo "2010"]
[Result "0-1"]
[Round "1"]
1.d4 e6
2.c4 Ng8f6
3.Ng1f3 d5
4.Nb1c3 c6
5.Bc1g5 Nb8d7
6.e3 Qd8a5
7.Nf3d2 Bf8b4
8.Qd1c2 h6
9.Bg5h4 g5
10.Bh4g3 Nf6e4
11.Nd2xe4 dxe4
12.Bf1e2 f5
13.O-O Nd7f6
14.a3 Bb4e7
15.b4 Qa5d8
16.Bg3e5 O-O
17.Be5xf6 Be7xf6
18.Ra1d1 Bc8d7
19.d5 Qd8e7
20.d6 Qe7g7
21.Rd1c1 Bf6xc3
22.Qc2xc3 Qg7xc3
23.Rc1xc3 Ra8d8
24.c5 a5
25.h3 axb4
26.axb4 Rd8a8
27.Kh2 Ra8a2
28.Be2c4 Ra2b2
29.Rc3b3 Rb2c2
30.Bc4xe6 Bd7xe6
31.Rb3b1 Be6d7
32.Rb1a1 Rc2b2
33.Ra1a4 Rf8b8
34.Kg3 h5
35.h4 g4
36.Kf4 Kg7
37.Kg5 Kf7
38.Kxh5 Kf6
{ resign }
0-1

[Event "Tourn. n9354"]
[Site "www.chess-mail.com"]
[Date "2017.05.05"]
[Round "1"]
[White "Redapond1"]
[Black "Cjood"]
[WhiteElo "1850"]
[BlackElo "1940"]
[Result "1-0"]
[Round "1"]
1.d4 c6
2.Bc1f4 Ng8f6
3.Nb1c3 d5
4.e3 Bc8f5
5.Ng1f3 Nb8d7
6.Bf1d3 Bf5xd3
7.Qd1xd3 g6
8.O-O Bf8g7
9.Rf1e1 e6
10.e4 dxe4
11.Nc3xe4 Nf6xe4
12.Re1xe4 Nd7f6
13.Re4e3 Nf6d5
14.Re3e4 f5
15.Re4xe6 Kf7
16.Nf3g5 Kg8
17.Qd3d2 Nd5xf4
18.Qd2xf4 Bg7xd4
19.Re6d6 Bd4xf2
20.Kxf2 Qd8b6
21.Qf4d4 Qb6xd4
22.Rd6xd4 c5
23.Rd4d7 b6
24.Ng5e6 { resign }
1-0

[Event "Tourn. n9188"]
[Site "www.chess-mail.com"]
[Date "2017.05.05"]
[Round "1"]
[White "Aperturaf"]
[Black "Tartan"]
[WhiteElo "2520"]
[BlackElo "2390"]
[Result "1-0"]
[Round "1"]
1.e4 e5
2.Ng1f3 Nb8c6
3.d4 exd4
4.Nf3xd4 Bf8c5
5.Nd4xc6 bxc6
6.Bf1d3 Ng8e7
7.O-O O-O
8.Nb1d2 d6
9.Qd1e2 Ne7g6
10.Nd2b3 Bc5b6
11.a4 a5
12.Bc1e3 Qd8f6
13.Be3xb6 cxb6
14.Qe2e3 Ng6f4
15.Rf1e1 Bc8e6
16.Bd3f1 c5
17.Nb3d2 Rf8d8
18.Nd2c4 Ra8b8
19.Ra1d1 d5
20.exd5 Rd8xd5
21.g3 Nf4g6
22.Rd1xd5 Be6xd5
23.b3 Rb8c8
24.Bf1g2 Bd5xc4
25.bxc4 Rc8d8
26.Bg2d5 h5
27.h4 Qf6f5
28.Qe3e2 Ng6f8
29.Qe2e7 Rd8d7
30.Qe7e8 Qf5f6
31.Re1e3 Qf6d6
32.Re3f3 Qd6c7
33.Kg2 Rd7e7
34.Qe8a8 Re7d7
35.Rf3f5 Qc7d6
36.Qa8e8 Qd6g6
37.Rf5f3 Rd7a7
38.Rf3d3 { resign }
1-0

[Event "Match"]
[Site "www.echecsemail.com"]
[Date "2017.05.05"]
[Round "1"]
[White "Guidom"]
[Black "Cjood"]
[WhiteElo "2030"]
[BlackElo "1870"]
[Result "1-0"]
[Round "1"]
1.e4 e5
2.Ng1f3 g6
3.Nf3xe5 Qd8e7
4.d4 d6
5.Ne5f3 Qe7xe4
6.Qd1e2 Bc8f5
7.c4 Bf8g7
8.Nb1c3 Qe4xe2
9.Bf1xe2 Ng8f6
10.O-O Nb8d7
11.Bc1e3 a6
12.Rf1e1 c6
13.Ra1d1 b5
14.d5 c5
15.cxb5 axb5
16.Nc3xb5 Ra8xa2
17.Nb5xd6 Ke7
18.Nd6xf5 gxf5
19.Be2c4 Ra2xb2
20.Be3c1 Nf6e4
21.Bc1xb2 Bg7xb2
22.Nf3g5 Bb2c3
23.Re1e2 Kf6
24.Ng5xe4 fxe4
25.Re2xe4 Nd7e5
26.h3 Kf5
27.Re4h4 Kg5
28.Rh4e4 f5
29.f4 Kf6
30.fxe5 Bc3xe5
31.Re4e1 Rh8g8
32.d6 Rg8d8
33.Kf1 Rd8xd6
34.Rd1xd6 Be5xd6
35.Re1e6 Kg5
36.Re6xd6 h5
37.Kf2 { resign }
1-0

[Event "Match"]
[Site "www.echecsemail.com"]
[Date "2017.05.05"]
[Round "1"]
[White "Cjood"]
[Black "Fangshuo"]
[WhiteElo "2050"]
[BlackElo "2030"]
[Result "0-1"]
[Round "1"]
1.Ng1f3 d5
2.e3 c5
3.c4 d4
4.exd4 cxd4
5.Qd1b3 e5
6.Bf1e2 Nb8c6
7.Qb3b5 a6
8.Qb5a4 Bc8d7
9.Qa4b3 e4
10.Nf3g1 d3
11.Be2xd3 exd3
12.Qb3xd3 Qd8e7
13.Ng1e2 O-O-O
14.a3 Bd7g4
15.Qd3e3 Qe7xe3
16.dxe3 Bg4xe2
17.Kxe2 Ng8f6
18.b4 Nc6e5
19.c5 Ne5c4
20.Nb1c3 g6
21.Nc3a4 Bf8g7
22.Ra1b1 Nf6e4
23.f3 Ne4d2
24.Bc1xd2 Rd8xd2
25.Ke1 Rd2xg2
26.Rb1d1 Nc4xe3
27.Na4b6 Kb8
28.Rd1c1 Rh8e8
{ resign }
0-1

[Event "Match"]
[Site "www.echecsemail.com"]
[Date "2017.05.05"]
[Round "1"]
[White "Comrade"]
[Black "Chessington"]
[WhiteElo "2240"]
[BlackElo "2110"]
[Result "0-1"]
[Round "1"]
1.c4 e6
2.Nb1c3 Bf8b4
3.d4 Ng8f6
4.e3 O-O
5.Bf1d3 d5
6.Ng1e2 dxc4
7.Bd3xc4 c5
8.a3 Bb4xc3
9.bxc3 Qd8c7
10.Bc4d3 Nb8c6
11.c4 cxd4
12.exd4 e5
13.d5 e4
14.Bc1f4 Qc7a5
15.Bf4d2 Qa5a6
16.Bd3c2 Nc6e5
17.Bd2c3 Ne5xc4
18.Bc3xf6 Qa6xf6
19.Bc2xe4 Rf8e8
20.Be4d3 Nc4b2
21.Bd3xh7 Kxh7
{ resign }
0-1

[Event "Match"]
[Site "www.echecsemail.com"]
[Date "2017.05.05"]
[Round "1"]
[White "Asoka"]
[Black "Cjood"]
[WhiteElo "2720"]
[BlackElo "2050"]
[Result "1-0"]
[Round "1"]
1.d4 c5
2.d5 c4
3.e4 Qd8c7
4.Qd1d4 e5
5.Qd4xc4 Qc7xc4
6.Bf1xc4 Bf8c5
7.Nb1c3 a6
8.Ng1f3 d6
9.O-O b5
10.Bc4d3 Bc8g4
11.Bc1d2 Bg4xf3
12.gxf3 Bc5d4
13.b4 Nb8d7
14.a4 Ra8c8
15.Ra1a3 Bd4xc3
16.Ra3xc3 Rc8xc3
17.Bd2xc3 bxa4
18.Rf1a1 Ng8f6
19.Ra1xa4 O-O
20.Ra4xa6 Nf6e8
21.b5 Nd7c5
22.Ra6c6 Nc5xd3
23.cxd3 f5
24.Bc3b4 Rf8f6
25.Rc6c8 Kf8
26.b6 { resign }
1-0

[Event "Match"]
[Site "www.echecsemail.com"]
[Date "2017.05.05"]
[Round "1"]
[White "Ranjachess"]
[Black "Rindrandria"]
[WhiteElo "1870"]
[BlackElo "1680"]
[Result "1/2-1/2"]
[Round "1"]
1.d4 c5
2.Nb1c3 cxd4
3.Qd1xd4 Nb8c6
4.Qd4a4 d5
5.e4 d4
6.Bf1b5 Bc8d7
7.Nc3d5 e6
8.Nd5f4 g5
9.Nf4e2 e5
10.a3 Ng8f6
11.Bc1xg5 h6
12.Bg5xf6 Qd8xf6
13.Ng1f3 Bd7g4
14.Bb5xc6 Qf6xc6
15.Qa4xc6 bxc6
16.Nf3xe5 Bg4xe2
17.Kxe2 Ra8b8
18.Ne5xc6 Rb8xb2
19.Nc6xd4 Bf8g7
20.Ke3 O-O
21.h4 Rf8c8
22.Rh1c1 Rc8c3
23.Kd2 Bg7xd4
24.Ra1b1 Rc3xa3
25.Rb1xb2 Bd4xb2
26.Rc1b1 Ra3a2
27.f4 f6
28.g4 a5
29.c3 Bb2a3
30.Kd3 Ba3f8
31.Rb1b6 Bf8e7
32.c4 Ra2a1
33.e5 Ra1d1
34.Ke4 fxe5
35.Rb6xh6 exf4
36.Kxf4 Rd1d4
37.Kf5 Rd4xc4
38.g5 a4
39.h5 Rc4c5
40.Kg4 Rc5xg5
41.Kf4 Rg5a5
42.Rh6e6 Be7g5
43.Kg4 a3
44.Re6g6 Kh7
45.Rg6xg5 Ra5a4
46.Kf3 a2
47.Rg5g1 Ra4a3
48.Kg4 Kh6
49.Rg1h1 Ra3a4
50.Kf3 Ra4h4
51.Rh1a1 Rh4h2
52.Ke3 Kxh5
53.Kd3 Kg5
{ draw }
1/2-1/2

[Event "Match"]
[Site "www.echecsemail.com"]
[Date "2017.05.05"]
[Round "1"]
[White "Cjood"]
[Black "Gimmyg"]
[WhiteElo "1839"]
[BlackElo "2410"]
[Result "0-1"]
[Round "1"]
1.c3 Ng8f6
2.g3 c5
3.Bf1g2 d5
4.Ng1f3 Nb8c6
5.Qd1c2 e5
6.d3 Bf8e7
7.O-O O-O
8.Nb1d2 Bc8e6
9.Rf1e1 h6
10.a3 Qd8c7
11.Ra1b1 c4
12.e4 cxd3
13.Qc2xd3 dxe4
14.Nd2xe4 Nf6d7
15.Bc1xh6 gxh6
16.Qd3e3 Kg7
17.b4 f5
18.Ne4d2 Ra8e8
19.c4 e4
20.Nf3h4 Nd7e5
21.Nd2xe4 fxe4
22.Bg2xe4 Ne5g4
23.Qe3d2 Rf8xf2
24.Qd2xf2 Ng4xf2
25.Kxf2 Be7xh4
26.gxh4 Qc7xh2
27.Ke3 Qh2g3
28.Kd2 Re8d8
29.Kc2 Nc6d4
30.Kb2 Qg3b3
{ resign }
0-1

[Event "Match"]
[Site "www.echecsemail.com"]
[Date "2017.05.05"]
[Round "1"]
[White "Chessington"]
[Black "Krystek23"]
[WhiteElo "1859"]
[BlackElo "2270"]
[Result "1-0"]
[Round "1"]
1.d4 Ng8f6
2.Ng1f3 g6
3.c3 Bf8g7
4.e3 c6
5.Bf1d3 d5
6.Nb1d2 Bc8g4
7.e4 Bg4xf3
8.Qd1xf3 Bg7h6
9.e5 Nf6d7
10.b4 Bh6xd2
11.Bc1xd2 e6
12.Bd2h6 Qd8h4
13.Qf3e3 Qh4e7
14.O-O Nd7f8
15.a4 Qe7c7
16.a5 Qc7c8
17.Qe3f4 Nb8d7
18.Rf1e1 Qc8c7
19.c4 Ra8c8
20.b5 Rh8g8
21.a6 Rc8b8
22.cxd5 cxd5
23.Re1c1 Qc7b6
24.Ra1a3 g5
25.Bh6xg5 Rg8xg5
26.Qf4xg5 Qb6d8
27.Qg5xd8 Kxd8
28.axb7 Rb8xb7
29.Rc1a1 Kc8
30.Ra3xa7 Kc7
31.Ra7a8 Rb7b8
32.Ra1a7 Rb8b7
33.Ra7a6 Nd7b8
34.Ra6d6 Nf8d7
35.Ra8a1 h6
36.f4 Kd8
37.Kf2 Kc7
38.f5 exf5
39.Rd6xd5 h5
40.Bd3xf5 Kb6
41.Rd5d6 Kc7
42.Bf5xd7 Nb8xd7
43.Ra1a8 Nd7xe5
44.dxe5 f6
45.Rd6c6 Kd7
46.e6 Ke7
47.Ra8h8 Rb7xb5
48.Rh8h7 Kd8
49.Rh7d7 { resign }
1-0

[Event "Match"]
[Site "www.echecsemail.com"]
[Date "2017.05.05"]
[Round "1"]
[White "Azorau"]
[Black "Gambitmiau"]
[WhiteElo "1770"]
[BlackElo "1940"]
[Result "0-1"]
[Round "1"]
1.e4 Nb8c6
2.Ng1f3 d5
3.Qd1e2 Bc8g4
4.Qe2b5 Bg4xf3
5.gxf3 a6
6.Qb5xb7 Nc6a5
7.Qb7b4 Na5c6
8.Qb4c5 Nc6a7
9.Nb1c3 e6
10.Qc5d4 Ng8f6
11.d3 c5
12.Qd4a4 Qd8d7
13.Qa4xa6 Bf8d6
14.Bc1g5 Bd6e7
15.Nc3b5 Qd7xb5
16.Qa6a3 O-O
17.d4 Qb5b6
18.Bg5xf6 gxf6
19.Rh1g1 Kh8
20.f4 Na7c6
21.Qa3h3 Nc6xd4
22.Bf1d3 Rf8g8
23.exd5 Rg8xg1
24.Bd3f1 Nd4xc2
25.Ke2 Nc2xa1
26.Kf3 Ra8xa2
27.Qh3h5 Qb6b3
28.Ke4 Ra2a4
29.Bf1c4 Ra4xc4
{ resign }
0-1

[Event "Match"]
[Site "www.echecsemail.com"]
[Date "2017.05.05"]
[Round "1"]
[White "Motorhead99"]
[Black "Fangshuo"]
[WhiteElo "1829"]
[BlackElo "2040"]
[Result "0-1"]
[Round "1"]
1.e4 e5
2.Ng1f3 Nb8c6
3.Bf1c4 Ng8f6
4.Nf3g5 d5
5.exd5 Nf6xd5
6.Ng5xf7 Kxf7
7.Qd1f3 Ke6
8.Nb1c3 Nc6e7
9.O-O c6
10.d4 b5
11.Rf1e1 bxc4
12.Bc1f4 Nd5xf4
13.Re1xe5 Kd6
14.Qf3xf4 Kd7
15.d5 cxd5
16.Ra1d1 Bc8b7
17.Qf4xc4 Qd8c7
18.Qc4g4 Kd8
19.Re5xd5 Ne7xd5
{ resign }
0-1

[Event "Match"]
[Site "www.echecsemail.com"]
[Date "2017.05.05"]
[Round "1"]
[White "Gilliere"]
[Black "Cjood"]
[WhiteElo "2120"]
[BlackElo "1790"]
[Result "1-0"]
[Round "1"]
1.e4 e5
2.Ng1f3 Nb8c6
3.Bf1b5 Bf8c5
4.Bb5xc6 dxc6
5.h3 f5
6.exf5 e4
7.Qd1e2 Qd8e7
8.Nf3h2 Bc8xf5
9.Nb1c3 O-O-O
10.O-O Ng8f6
11.g4 Bf5g6
12.Kg2 h5
13.g5 Nf6g8
14.h4 Qe7e5
15.f4 exf3
16.Qe2xf3 Rd8f8
17.Qf3d1 Bg6e4
18.Nc3xe4 Qe5xe4
19.Nh2f3 Qe4g4
20.Kh1 Qg4h3
21.Nf3h2 Bc5d6
22.Rf1xf8 Bd6xf8
23.Qd1f3 Bf8d6
24.Qf3xh3 Kb8
25.d4 Ng8e7
26.Bc1e3 Rh8f8
27.Ra1f1 Rf8xf1
28.Nh2xf1 g6
29.c4 Ne7f5
30.c5 Bd6e7
31.b4 b6
32.a4 { resign }
1-0

[Event "Match"]
[Site "www.echecsemail.com"]
[Date "2017.05.05"]
[Round "1"]
[White "Woadman62"]
[Black "Micheles"]
[WhiteElo "2600"]
[BlackElo "2520"]
[Result "1-0"]
[Round "1"]
1.e4 c6
2.d4 d5
3.e5 Bc8f5
4.Ng1f3 e6
5.Bf1e2 Ng8e7
6.O-O c5
7.Nb1a3 Ne7c6
8.c4 cxd4
9.Na3b5 a6
10.Bc1g5 Qd8d7
11.Nb5xd4 Bf5e4
12.Ra1c1 h6
13.cxd5 Be4xd5
14.Bg5e3 Bf8e7
15.Qd1d2 O-O
16.Be3xh6 Nc6b4
17.Qd2f4 gxh6
18.Qf4xh6 Rf8e8
19.Nf3g5 Be7xg5
20.Qh6xg5 Kf8
21.Qg5h6 Ke7
22.Qh6f6 Kf8
23.Be2h5 { resign }
1-0

[Event "Match"]
[Site "www.echecsemail.com"]
[Date "2017.05.05"]
[Round "1"]
[White "Insearchof"]
[Black "Liencam2"]
[WhiteElo "2149"]
[BlackElo "2340"]
[Result "1-0"]
[Round "1"]
1.e4 c5
2.Ng1f3 e6
3.d4 cxd4
4.Nf3xd4 a6
5.c4 Ng8f6
6.Nb1c3 Qd8c7
7.a3 b6
8.Bc1e3 Bc8b7
9.f3 d6
10.Bf1e2 Bf8e7
11.O-O O-O
12.Qd1d2 Nb8d7
13.a4 Rf8e8
14.Rf1c1 Nd7e5
15.a5 bxa5
16.Nd4b3 Ne5xc4
17.Be2xc4 Qc7xc4
18.Nb3xa5 Qc4b4
19.Ra1a4 Qb4xa4
20.Nc3xa4 { resign }
1-0

[Event "Match"]
[Site "www.echecsemail.com"]
[Date "2017.05.05"]
[Round "1"]
[White "Cjood"]
[Black "Hundegana"]
[WhiteElo "1699"]
[BlackElo "2050"]
[Result "0-1"]
[Round "1"]
1.Nb1c3 c5
2.e4 e6
3.Ng1f3 Ng8e7
4.d4 cxd4
5.Nf3xd4 Ne7c6
6.Nd4xc6 bxc6
7.Bf1c4 Bc8a6
8.Bc4xa6 Nb8xa6
9.Qd1e2 Na6c5
10.b4 Nc5b7
11.a3 Bf8e7
12.Qe2g4 Be7f6
13.Bc1b2 Nb7d6
14.O-O-O Nd6c4
15.Rd1d3 a5
16.f4 axb4
17.axb4 Ra8b8
18.e5 Nc4xb2
19.Kxb2 Rb8xb4
20.Kc1 Bf6xe5
21.Rh1d1 Be5xf4
{ resign }
0-1

[Event "Match"]
[Site "www.echecsemail.com"]
[Date "2017.05.05"]
[Round "1"]
[White "Cjood"]
[Black "Wagner"]
[WhiteElo "1940"]
[BlackElo "1830"]
[Result "0-1"]
[Round "1"]
1.e4 e5
2.Ng1f3 d6
3.Bf1c4 h6
4.d4 Nb8d7
5.d5 a6
6.b4 c5
7.dxc6 bxc6
8.Bc1e3 Bc8b7
9.O-O Ng8f6
10.Nb1c3 c5
11.a3 cxb4
12.axb4 Nf6xe4
13.Nc3xe4 Bb7xe4
14.Bc4xa6 g5
15.Nf3d2 d5
16.f3 Be4g6
17.Nd2b3 Nd7f6
18.Ba6b5 Nf6d7
19.Bb5xd7 Kxd7
20.Qd1xd5 Bf8d6
21.Nb3c5 Ke7
22.Ra1c1 Ra8a3
23.Be3d2 Ra3a7
24.Rf1e1 Ra7c7
25.Nc5e4 Bd6c5
26.Qd5xc5 Rc7xc5
27.Ne4xc5 Qd8xd2
28.Re1xe5 Kd8
29.Rc1a1 Qd2d4
30.Kf1 Qd4xa1
31.Re5e1 Qa1c3
{ resign }
0-1

[Event "Eq:Angels of Checkmate-La Taverne : "]
[Site "www.chess-mail.com"]
[Date "2017.05.05"]
[Round "1"]
[White "Traub"]
[Black "Huw"]
[WhiteElo "1350"]
[BlackElo "2290"]
[Result "1/2-1/2"]
[Round "1"]
1.e4 e5
2.Ng1f3 Ng8f6
3.Nf3xe5 d6
4.Ne5f3 Nf6xe4
5.d3 Ne4f6
6.Bf1e2 Bf8e7
7.Bc1g5 O-O
8.Nb1d2 Rf8e8
9.O-O Bc8e6
10.Nf3d4 Be6d7
11.f4 h6
12.Bg5xf6 Be7xf6
13.Nd2b3 Nb8c6
14.Nd4xc6 Bd7xc6
15.d4 Qd8d7
16.Be2g4 Qd7e7
17.c3 Bf6h4
18.Nb3d2 Qe7e3
19.Kh1 b5
20.f5 Ra8b8
21.Nd2f3 Bc6xf3
22.Rf1xf3 Qe3e7
23.Qd1d3 c6
24.g3 Bh4g5
25.h4 Bg5f6
26.Ra1f1 a5
27.Kg2 Qe7e2
28.Qd3xe2 Re8xe2
29.Rf1f2 Rb8e8
30.Rf3f4 Re2e1
31.Bg4f3 Re1a1
32.Bf3xc6 Re8e1
33.Bc6xb5 Ra1xa2
34.Bb5c4 Ra2a1
35.Kh3 h5
36.Rf2f1 Re1xf1
37.Rf4xf1 Ra1xf1
{ draw }
1/2-1/2

[Event "Fast Game"]
[Site "www.echecsemail.com"]
[Date "2017.05.05"]
[Round "1"]
[White "Picifarkinca"]
[Black "Cjood"]
[WhiteElo "1919"]
[BlackElo "1869"]
[Result "1-0"]
[Round "1"]
1.Ng1f3 d5
2.g3 g6
3.Bf1g2 Bf8g7
4.d4 Nb8c6
5.O-O e6
6.Bc1f4 Ng8e7
7.c3 Bc8d7
8.Nb1d2 Ra8c8
9.e4 O-O
10.e5 Ne7f5
11.Rf1e1 h6
12.Nd2f1 g5
13.g4 Nf5e7
14.Bf4d2 f5
15.gxf5 Ne7xf5
16.Nf1g3 g4
17.Nf3h4 Nf5xh4
18.Qd1xg4 Nh4xg2
19.Bd2xh6 Rf8f7
20.Kxg2 Qd8f8
21.Bh6xg7 Rf7xg7
22.Qg4e2 Nc6e7
23.Re1g1 Qf8f4
24.Ra1f1 a6
25.Kh1 Bd7b5
26.Ng3h5 Bb5xe2
27.Rg1xg7 Kh8
28.Nh5xf4 Be2xf1
29.Rg7xe7 b5
30.Re7xe6 a5
31.Re6g6 b4
32.Nf4xd5 Bf1d3
33.Rg6g4 Bd3e4
34.Rg4xe4 bxc3
35.Nd5xc3 c6
36.f4 { resign }
1-0